01445cam a22003375a 4500001001000000003000400010005001700014008004100031020003000072020002700102040003400129082002000163100003200183245009000215250002400305260005000329300002900379500010800408500010700516500009700623504005300720650003100773650003400804651001000838653003400848700002800882700002000910942002000930999001700950952014000967016870528OSt20151028130547.0141103t2015 enka frb 001 0 eng d a9781292060460 (paperback) a1292060468 (paperback) aUkbengcUkdUkOxUdEG-ScBUE 04a658.87bPAL2221 aPalmatier, Robert W.93859710aMarketing channel strategy /cRobert W. Palmatier, Louis W. Stern, Adel I. El-Ansary. a8th ed., Global ed. aHarlow :bPearson Education Limited,cc.2015. a496 p. :bill. ;c23 cm. aAuthorized adaptation from the United States 8th edition, for use outside the United States and Canada. aThis eighth edition has a new title, a new structure, several new chapters, and substantial revisions. aOriginal edition published as: Marketing channels / Louis W. Stern, Adel I. El-Ansary, 1977. aIncludes bibliographical references and indexes. 0aMarketing channels.2BUEsh 0aMarketingxManagement.2BUEsh 2BUEsh bBUSADMcJune2015cOctober20151 aStern, Louis W.,d1935-1 aAnsary, Adel I. 2ddck658.87 PAL c19942d19914 00102ddc40708AlahramaMAINbMAINc1STd2015-06-25ePurchaseg295.00h339l0o658.87 PALp000039088r2025-07-15 00:00:00v368.75yBB